Wrestlers by Picture 2: WWE 80's Rock 'n' Wrestling Era - Statistics

General Stats
  • This quiz has been taken 165 times
  • The average score is 13 of 16
Answer Stats
Picture Answer % Correct
Hulk Hogan
97%
Andre the Giant
96%
The Iron Sheik
93%
Randy Savage
92%
Jake Roberts
90%
Roddy Piper
88%
Miss Elizabeth
83%
The Honky Tonk Man
83%
Junkyard Dog
81%
Bobby Heenan
77%
King Kong Bundy
76%
Brutus Beefcake
74%
Hillbilly Jim
65%
Koko B. Ware
65%
Capt. Lou Albano
58%
Nikolai Volkoff
54%
No matching quizzes found
Score Distribution
Percent of People with Each Score
Percentile by Number Answered
Your Score History
You have not taken this quiz